Anyone but Arsène Wenger Quiz Stats

 Plays Quiz Updated Nov 9, 2019

Score 0/53 Timer 08:00
14 Plays Today
Hint Answer % Correct
Non British Premier League Winning ManagersJosé Mourinho
95.5%
FA Cup Winning Managers at the New WembleyJosé Mourinho
95.5%
Over 90 Champions League Games ManagedJosé Mourinho
95.5%
Managers who signed Alexis SánchezJosé Mourinho
95.5%
Managers to Win a Premier League Game by a 7+ MarginPep Guardiola
93.8%
Over 400 Premier League Games ManagedAlex Ferguson
92%
Over 90 Champions League Games ManagedAlex Ferguson
92%
Managers to Win a Premier League Game by a 7+ MarginAlex Ferguson
92%
Non British Premier League Winning ManagersPep Guardiola
91.7%
Over 90 Champions League Games ManagedPep Guardiola
91.7%
Managers who signed Alexis SánchezPep Guardiola
91.7%
FA Cup Winning Managers at the New WembleyPep Guardiola
91.5%
Managed Arsenal in the Premier League EraUnai Emery
81.6%
Non British Premier League Winning ManagersClaudio Ranieri
72.6%
Non British Premier League Winning ManagersAntonio Conte
72.6%
FA Cup Winning Managers at the New WembleyAntonio Conte
71.6%
Non British Premier League Winning ManagersCarlo Ancelotti
71%
FA Cup Winning Managers at the New WembleyCarlo Ancelotti
71%
Over 90 Champions League Games ManagedCarlo Ancelotti
71%
Managers to Win a Premier League Game by a 7+ MarginCarlo Ancelotti
71%
Non British Premier League Winning ManagersManuel Pellegrini
70.2%
Managers to Win a Premier League Game by a 7+ MarginManuel Pellegrini
70.2%
Non British Premier League Winning ManagersRoberto Mancini
67.8%
FA Cup Winning Managers at the New WembleyRoberto Mancini
67.8%
Managers who signed Thierry HenryCarlo Ancelotti
67.4%
Managed Arsenal in the Premier League EraGeorge Graham
61%
Over 400 Premier League Games ManagedDavid Moyes
60.3%
Hint Answer % Correct
Over 400 Premier League Games ManagedSam Allardyce
58.9%
Over 90 Champions League Games ManagedRafael Benítez
58.7%
Managers to Win a Premier League Game by a 7+ MarginRafael Benítez
58.7%
FA Cup Winning Managers at the New WembleyHarry Redknapp
56%
Over 400 Premier League Games ManagedHarry Redknapp
56%
Managers to Win a Premier League Game by a 7+ MarginHarry Redknapp
56%
Managers to Win a Premier League Game by a 7+ MarginBrendan Rodgers
52.3%
FA Cup Winning Managers at the New WembleyLouis Van Gaal
51%
Over 90 Champions League Games ManagedLouis Van Gaal
51%
FA Cup Winning Managers at the New WembleyRoberto Martinez
46.4%
Over 400 Premier League Games ManagedSteve Bruce
42.7%
Managed Arsenal in the Premier League EraBruce Rioch
41.1%
FA Cup Winning Managers at the New WembleyRoberto Di Matteo
39.9%
Over 400 Premier League Games ManagedMark Hughes
39.8%
Managers who signed Thierry HenryFrank Rijkaard
36.4%
FA Cup Winning Managers at the New WembleyGuus Hiddink
35.2%
Managers to Win a Premier League Game by a 7+ MarginKenny Dalglish
26.6%
Managed Arsenal in the Premier League EraPat Rice
20.6%
Managers to Win a Premier League Game by a 7+ MarginBobby Robson
16.4%
Managed Arsenal in the Premier League EraStewart Houston
12.5%
Managers to Win a Premier League Game by a 7+ MarginRonald Koeman
11.3%
Managers to Win a Premier League Game by a 7+ MarginGareth Southgate
8.1%
Over 90 Champions League Games ManagedOttmar Hitzfeld
7.2%
Over 90 Champions League Games ManagedMircea Lucescu
2.5%
Managers who signed Thierry HenryHans Backe
1.4%
Managers who signed Alexis SánchezAlberto Malesani
0.5%

You're not logged in!

Compare scores with friends on all Sporcle quizzes.
OR
Log In

Sporcle TV

Today on Sporcle TV


Watch our educational content, quiz creation guides, and fun videos on Sporcle TV.

Show Comments

Extras

Top Quizzes Today


Score Distribution

Your Account Isn't Verified!

In order to create a playlist on Sporcle, you need to verify the email address you used during registration. Go to your Sporcle Settings to finish the process.

Report this User

Report this user for behavior that violates our Community Guidelines.

Details: